Statistics for Home Stadiums of 2023-24 URC Clubs

Click here to take the quiz!

General Stats

  • This quiz has been taken 2 times
  • The average score is 10 of 16

Answer Stats

ClubStadiumCityCountryCapacityMax Attendance 2022-23Lowest Attendance 2022-23% Correct
DHL StormersCape Town Stadium/Danie Craven StadiumCape Town
Stellenbosch
South Africa55,000
16,000
30,7019,358
100%
EdinburghEdinburgh Rugby Stadium/MurrayfieldEdinburghScotland7,800
67,144
25,1375,193
100%
SharksKings Park StadiumDurbanSouth Africa52,00025,8137,487
100%
BullsLoftus VersfieldArcadia, PretoriaSouth Africa51,76241,2054,120
100%
Llanelli ScarletsParc y ScarletsLlanelli, CarmarthenshireWales14,8709,5825,597
100%
LeinsterRDS Arena/Aviva StadiumBallsbridge, Dublin
Lansdowne, Dublin
Ireland18,500
51,700
45,436,12,441
100%
Cardiff BluesCardiff Arms ParkCardiffWales12,12512,1215,550
50%
LionsEllis Park StadiumJohannesburg, Gauteng ProvinceSouth Africa62,56710,0002,894
50%
ConnachtGalway SportsgroundGalway, ConnachtIreland8,1297,5124,030
50%
UlsterRavenhill StadiumBelfastIreland18,19616,74110,858
50%
Glasgow WarriorsScotstoun StadiumScotstoun, GlasgowScotland7,3517,3385,790
50%
BenettonStadio Comunale di MonigoTreviso, MonigoItaly5,0004,2881,971
50%
MunsterThomond Park/Musgrave ParkLimerick, Munster
Cork, Munster
Ireland25,600
8,008
25,6006,485
50%
Newport-Gwent DragonsRodney ParadeNewportWales8,70020,5694,039
0%
ZebreStadio Sergio LanfranchiParma, Emilia-RomagnaItaly5,0003,0001,800
0%
OspreysSwansea.com StadiumLandore, SwanseaWales20,82720,5694,052
0%

Score Distribution

Percentile by Number Answered

Percent of People with Each Score

Your Score History

You have not taken this quiz